Rindu berbisik lagi

Bibliographic Details
Main Author: Wan Ahmad Ismail
Format: Book
Published: K.L : Creative Enterprise , 1994
Subjects:

MARC

LEADER 00000cam a2200000 7i4500
001 0000006530
002 000007044
005 20000330.0
020 |a 9838931551 
090 0 0 |a YF   |b WAN 
100 0 |a Wan Ahmad Ismail 
245 1 0 |a Rindu berbisik lagi   |c Wan Ahmad Ismail 
260 |a K.L :   |b Creative Enterprise ,   |c 1994 
300 |a 135p. ;   |c 17cm. 
650 0 0 |a Malay fiction 
999 |a 038411   |b BUKU   |c YOUTH FICTION   |e PERPUSTAKAAN KOMUNITI PETALING JAYA